00414pab a2200133 454500008004000000100001800040245011100058260000900169300001300178362001200191650003700203650002700240773001300267180718b2014 xxu||||| |||| 00| 0 eng d aNavdeep Kumar aCompetitiveness of the Indian manufacturing industry in the competition regime - Performance and prospects c2014 ap.64-73. aJul-Sep aIndia - Manufacturing industries aManufacturing industry aAbhigyan